Tok halnevünk eredete és néhány szó a magyarság ősfoglalkozásairól

Elmentve itt :
Bibliográfiai részletek
Szerző: Németh Gyula
Dokumentumtípus: Cikk
Megjelent: 1937
Sorozat:Magyar nyelv : a Magyar Nyelvtudományi Társaság folyóirata
Kulcsszavak:Magyar nyelv - etimológia, Magyarok története, Őstörténet - magyar
Tárgyszavak:
Online Access:http://misc.bibl.u-szeged.hu/64071
LEADER 00915nab a2200241 i 4500
001 misc64071
005 20230426152524.0
008 221207s1937 hu o 0|| hun d
040 |a SZTE Miscellanea Repozitórium  |b hun 
041 |a hun 
100 1 |a Németh Gyula 
245 1 0 |a Tok halnevünk eredete és néhány szó a magyarság ősfoglalkozásairól  |h [elektronikus dokumentum] /  |c  Németh Gyula 
260 |c 1937 
300 |a 135-140  |c 30 cm 
300 |a [6] p.  |c 30 cm 
490 0 |a Magyar nyelv : a Magyar Nyelvtudományi Társaság folyóirata 
561 |a Németh Gyula hagyaték 
591 |a NOA 4249 
650 4 |a Bölcsészettudományok 
650 4 |a Történettudomány és régészet 
650 4 |a Nyelvek és irodalom 
695 |a Magyar nyelv - etimológia, Magyarok története, Őstörténet - magyar 
856 4 0 |u http://misc.bibl.u-szeged.hu/64071/1/4249_noa.pdf  |z Dokumentum-elérés